| 000 | 00820nam a22002177a 4500 | ||
|---|---|---|---|
| 999 |
_c995 _d995 |
||
| 003 | AR-CdUCM | ||
| 008 | 190226b ||||| |||| 00| 0 spa d | ||
| 040 |
_aMUNICIPALIDAD PROVINCIAL DEL CUSCO _cBIBLIOTECA MUNICIPAL DEL CUSCO |
||
| 082 |
_21ra. ed. _a332.185 / _bM19 |
||
| 100 |
_aMalpica, Carlos _93873 |
||
| 245 |
_aEl Poder Economico en el Perú: _bTomo I: Los Bancos Nacionales y sus Filiales / _cMalpica, Carlos |
||
| 260 |
_aLima - Perú: _bLa Escena Contemporanea , _c1989 |
||
| 300 |
_a522 paginas: _c20.5 cm. |
||
| 505 | _aEstructura del poder economico en el Peru de la decada de los años ochenta... | ||
| 650 |
_aEconomia Peruana del 80. _93874 |
||
| 650 |
_aEconomia Latinoamerica. _93875 |
||
| 650 |
_aBelaunde. _93876 |
||
| 700 |
_aMalpica, Carlos _93873 |
||
| 942 |
_2ddc _cLIBROS |
||
| 945 |
_artm _d2019-02-26 |
||